000 01243namaa22003371i 4500
005 20260305121046.0
008 260305s1994 ua ||||frm||| 00| 0 eng d
040 _aEG-GICUC
_beng
_cEG-GICUC
_dEG-GICUC
_erda
041 0 _aeng
_beng
049 _aDeposit
097 _aPh.D
099 _aCai01.02.12.Ph.D.1994.Mo.E
100 0 _aMona Kamel Daniel
_epreparation.
245 1 0 _aEugene O’Neill’s Influence on Tennessee Williams Arthur Miller and Edward Ablee /
_cBy Mona Kamel Daniel ; supervised by Samir Sarhan
246 1 5 _aتأثير يوجين أونيل على تنيسى وليامز و أرثر ميلز و إدوارد ألبى
264 0 _c1994.
300 _a260 pages :
_billustrations ;
_c30 cm. +
336 _2rda content
_atext
337 _2rdamedia
_aUnmediated
338 _2rdacarrier
_avolume
502 _aThesis (Ph.D)-Cairo University, 1994.
504 _aBibliography: pages 249-260
653 0 _aDrama
653 0 _aO’Neill
653 0 _aTennessee Williams
653 0 _aEdward Ablee
700 0 _aSamir Sarhan
_ethesis advisor.
900 _DDepartment of English
_FFaculty of arts
_UCairo University
_b1994
_cSamir Sarhan
_dSamir Sarhan
905 _aNermeen-A
942 _2ddc
_cTH
_e21
_n0
999 _c178894